Cities with worlds tallest ferris wheels above 100m. - Statistics

General Stats
  • This quiz has been taken 6 times
  • The average score is 18 of 30
Answer Stats
Ferris wheel; Country, City; % Correct
26 S_______ Ferris Wheel (108m) China Shanghai
100%
14 T______ Eye (120m) China Tianjin
100%
16 C_______ Ferris Wheel (120m) China Changsha
80%
1 Ain D____ (250m) U.A.E. Dubai
80%
13 M________ Star (120m) Australia Melbourne
80%
6 Sun of M_____ (140m) Russia Moscow
80%
10 Redhorse O____ Wheel (123m) Japan Osaka
80%
24 Tempozan Ferris Wheel (112m) Japan Osaka
80%
30 Grande Roue (100m) France Paris
80%
3 S________ Flyer (165m) S________ Singapore
80%
19 Diamond and Flower Ferris Wheel (117m) Japan Tokyo
80%
17 Z________ Ferris Wheel (120m) China Zhengzhou
80%
20 Sun Wheel (115m) Vietnam Da Nang
60%
18 Sky Dream F______ (120m) Japan Fukuoka
60%
2 High Roller (167m) U.S.A. Las Vegas
60%
7 L_____ Eye (135m) U.K. London
60%
4 Star of N_______ (160m) China Nanchang
60%
11 ICON O______ (122m) U.S.A. Orlando
60%
8 Bay Glory (129m) China Shenzhen
60%
12 S_____ Ferris Wheel (120m) China Suzhou
60%
25 H_____ Ferris Wheel (110m) China Harbin
40%
29 Space Eye (100m) Japan Kitakyushu
40%
15 Vinpearl Sky Wheel (120m) Vietnam Nha Trang
40%
9 Sky Dream (128m) Taiwan Taichung
40%
21 Star of Lake Tai (115m) China Wuxi
40%
23 Cosmo Clock 21 (112m) Japan Yokohama
40%
27 Dianchi Eye (108m) China Kunming
20%
22 Daikanransha (115m) Japan Odaiba
20%
5 Bailang River Bridge Ferris Wheel (145m) China Weifang
20%
28 Greenland Ferris Wheel (105m) Japan Arao
0%
No matching quizzes found
Score Distribution
Percent of People with Each Score
Percentile by Number Answered
Your Score History
You have not taken this quiz